000 00568nam a22001817a 4500
005 20251108163348.0
008 250721s1993 xx 000 0 ara d
082 1 4 _a343.209565/حلب
100 1 _aالحلبي، محمد علي السالم عياد
245 1 0 _aشرح قانون العقوبات الأردني :
_bالقسم العام /
264 1 _aعمان :
_bمكتبة بغدادي،
_c1993.
300 _a668ص.
650 1 7 _aالقانون الجنائي
650 1 7 _aالعقوبات
650 1 7 _aالأردن
942 _2ddc
_cBK
999 _c766
_d766